LIBRARY & INFORMATION CENTRE, KCAET, TAVANUR

ONLINE PUBLIC ACCESS CATALOGUE (OPAC)

Religion and Society / (Record no. 7776)

MARC details
000 -LEADER
fixed length control field 00289cam a2200121ua 4500
082 ## - DEWEY DECIMAL CLASSIFICATION NUMBER
Classification number 291.
Item number RAD/RE
100 ## - MAIN ENTRY--AUTHOR NAME
Personal name Radhakrishnan, S.
245 ## - TITLE STATEMENT
Title Religion and Society /
250 ## - EDITION STATEMENT
Edition statement 2 /
260 ## - PUBLICATION, DISTRIBUTION, ETC. (IMPRINT)
Place of publication London :
Name of publisher George Allen & Unwin Ltd ,
Year of publication 1959.
300 ## - PHYSICAL DESCRIPTION
Number of Pages 248 ; .
942 ## - ADDED ENTRY ELEMENTS (KOHA)
Koha item type Reference
Holdings
Withdrawn status Lost status Damaged status Collection code Home library Current library Shelving location Date acquired Full call number Accession Number Koha item type
Withdrawn     Reference KAUAET Kelappaji Reference 07/04/2012 291.RAD/RE 4126 Reference
free website counter